000 00542cam a22002171 4500
001 ne 63000646
003 DLC
005 20260227111743.0
008 890510q19601963xx 000 0 ara
010 _ane 63000646
035 _a(OCoLC)23493865
040 _aDLC
_cMiU
_dDLC
042 _apremarc
050 0 0 _aBJ1588.A7
_bM8 1960z
100 1 _aMūsá, Salāmah,
_d1887-1958.
245 1 0 _aFann al-ḥubb wa-al-ḥayāh.
260 _c[196-. 197-]
300 _a256 p.
_c20 cm.
500 _aRomanized.
650 0 _aConduct of life.
999 _c45727
_d45727